Návrh opatrení na zlepšenie zásobovania v podniku BOHUŠ s. r. o., Závadka nad Hronom : Bakalárska práca

Gespeichert in:
Bibliographische Detailangaben
1. Verfasser: Hanuska, Emil, 1988- (Verfasst von)
Weitere Verfasser: Rybanský, Rudolf, 1947- (Betreuung Doktorarbeit)
Format: Manuskript Buch
Sprache:Slowakisch
Veröffentlicht: Trnava : STU v Bratislave MTF UPMK, 2011
Schlagworte:
Online-Zugang:VAIS
Tags: Tag hinzufügen
Keine Tags, Fügen Sie das erste Tag hinzu!

MARC

LEADER 00000ntm a22000003a 4500
001 stu231429
005 20160719160528.7
008 110713s2011----xo------------------slo-d
040 |a STU  |b slo 
041 0 |a slo 
044 |a xo 
100 1 |a Hanuska, Emil,  |d 1988-  |4 aut  |X 48669  |7 A000048669 
242 0 0 |a Proposed measures to improve supply company in Bohus, p. r. o., Závadka over Hronom  |y eng 
245 1 |a Návrh opatrení na zlepšenie zásobovania v podniku BOHUŠ s. r. o., Závadka nad Hronom :  |b Bakalárska práca 
260 |a Trnava :  |b STU v Bratislave MTF UPMK,  |c 2011 
300 |a 66 s., CD-ROM 
650 7 |a zásobovanie  |2 stusub 
650 7 |a supply  |2 estusub 
650 7 |a dodávateľ  |2 stusub 
650 7 |a priemyselné manažérstvo  |2 stusub 
650 7 |a Industrial Management  |2 estusub 
700 1 |a Rybanský, Rudolf,  |d 1947-  |4 ths  |u M4000  |U MTF Materiálovotechnologická fakulta  |T MTF Ústav priemyselného inžinierstva a manažmentu  |X 1543  |U M4000  |Y 84  |7 A000001543 
856 4 |a info a plný text  |u http://is.stuba.sk/zp/portal_zp.pl?podrobnosti=47300  |3 VAIS 
996 |c M*BP-5422  |l MMSKP  |s P  |a 0  |w stu231429_0001